| 000 | 00660nam a2200217 a 4500 | ||
|---|---|---|---|
| 005 | 20250408063817.0 | ||
| 008 | 991125s1999 mx 000 0 spa u | ||
| 020 | _a968853434X | ||
| 035 | _aUPN01000026257 | ||
| 049 | _aCG | ||
| 050 | 4 |
_aJX1393 G5 _bG3.3 |
|
| 100 | 1 |
_aGarcía Canclini, Néstor, _d1939- _930963 |
|
| 245 | 1 | 3 |
_aLa globalización imaginada / _cNéstor García Canclini. |
| 260 |
_aMéxico : _bPaidós Mexicana, _c1999. |
||
| 300 | _a238 p., [8] p. de fotos col. | ||
| 440 | 0 |
_aPaidós estado y sociedad ; _v76 |
|
| 650 | 4 |
_aCultura _97095 |
|
| 650 | 4 |
_aGlobalización _95377 |
|
| 650 | 4 |
_aRelaciones internacionales _914390 |
|
| 905 | _aLibro | ||
| 999 |
_c26257 _d26257 |
||